LIBRARY & INFORMATION CENTRE, KCAET, TAVANUR

ONLINE PUBLIC ACCESS CATALOGUE (OPAC)

Fundamentals of magnetism and electricity / (Record no. 7170)

MARC details
000 -LEADER
fixed length control field 00556cam a2200229ua 4500
041 ## - LANGUAGE CODE
Language code of text/sound track or separate title eng
082 ## - DEWEY DECIMAL CLASSIFICATION NUMBER
Classification number 537
Item number VAS/FU
100 ## - MAIN ENTRY--AUTHOR NAME
Personal name Vasudeva, D N .
245 ## - TITLE STATEMENT
Title Fundamentals of magnetism and electricity /
250 ## - EDITION STATEMENT
Edition statement 7 /
260 ## - PUBLICATION, DISTRIBUTION, ETC. (IMPRINT)
Place of publication New Delhi :
Name of publisher S.Chand and Co ,
Year of publication 1966.
300 ## - PHYSICAL DESCRIPTION
Number of Pages 827 ; .
942 ## - ADDED ENTRY ELEMENTS (KOHA)
Koha item type Books
Holdings
Withdrawn status Lost status Damaged status Home library Current library Date acquired Full call number Accession Number Koha item type
      KAUAET KAUAET 07/04/2012 537 VAS/FU 11395 Books
      KAUAET KAUAET 07/04/2012 537 VAS/FU 11392 Books
      KAUAET KAUAET 07/04/2012 537 VAS/FU 11393 Books
      KAUAET KAUAET 07/04/2012 537 VAS/FU 11390 Books
      KAUAET KAUAET 07/04/2012 537 VAS/FU 11394 Books
free website counter